Fantastic four / (Record no. 1117)
[ view plain ]
| 000 -LEADER | |
|---|---|
| fixed length control field | 02078cgm a22004097a 4500 |
| 005 - DATE AND TIME OF LATEST TRANSACTION | |
| control field | 20260322212047.0 |
| 007 - PHYSICAL DESCRIPTION FIXED FIELD--GENERAL INFORMATION | |
| fixed length control field | data |
| 008 - FIXED-LENGTH DATA ELEMENTS--GENERAL INFORMATION | |
| fixed length control field | data |
| 010 ## - LIBRARY OF CONGRESS CONTROL NUMBER | |
| LC control number | 2005644202 |
| 017 ## - COPYRIGHT OR LEGAL DEPOSIT NUMBER | |
| Copyright or legal deposit number | PA1-281-340 |
| Assigning agency | U.S. Copyright Office |
| 040 ## - CATALOGING SOURCE | |
| Original cataloging agency | DLC |
| Transcribing agency | DLC |
| Modifying agency | DLC |
| Description conventions | amim |
| 050 00 - LIBRARY OF CONGRESS CALL NUMBER | |
| Classification number | CGD 8149-8154 (viewing print) |
| 001 - CONTROL NUMBER | |
| control field | data |
| 245 10 - TITLE STATEMENT | |
| Title | Fantastic four / |
| Statement of responsibility, etc. | Tim Story ... [et al.]. |
| 257 ## - COUNTRY OF PRODUCING ENTITY | |
| Country of producing entity | United States ; Germany. |
| 260 ## - PUBLICATION, DISTRIBUTION, ETC. | |
| Place of publication, distribution, etc. | United States : |
| Name of publisher, distributor, etc. | Twentieth Century Fox, |
| Date of publication, distribution, etc. | 2005. |
| 300 ## - PHYSICAL DESCRIPTION | |
| Extent | 1 videodisc (ca. 106 min.) : |
| Other physical details | sd., col. ; 4 3/4 in. ; |
| Dimensions | 35 mm. |
| Materials specified | viewing print. |
| 500 ## - GENERAL NOTE | |
| General note | Copyright: Twentieth Century Fox Film Corporation, Kumar Mobiliengesellschaft, mbH & Company Projekt Nr. 3 KG. DCR 2005; PUB 15Jun05; REG 15Jun05; PA1-281-340. |
| 500 ## - GENERAL NOTE | |
| General note | Summary taken from Internet movie database. |
| 500 ## - GENERAL NOTE | |
| General note | Based on the Marvel comic book by Stan Lee and Jack Kirby. |
| 500 ## - GENERAL NOTE | |
| General note | Not viewed. |
| 500 ## - GENERAL NOTE | |
| General note | Sources used: copyright data base; copyright data sheet; Internet movie database, 12/12/2005. |
| 508 ## - CREATION/PRODUCTION CREDITS NOTE | |
| Creation/production credits note | Executive producers, Michael Barnathan, Chris Columbus, Kevin Feige, Stan Lee, Mark Radcliffe ; cinematography by Oliver Wood ; film editing by William Hoy ; original music by Miri Ben-Ari, John Ottman. |
| 511 1# - PARTICIPANT OR PERFORMER NOTE | |
| Participant or performer note | Ioan Gruffudd, Jessica Alba, Chris Evans, Michael Chiklis, Julian McMahon. |
| 520 ## - SUMMARY, ETC. | |
| Summary, etc. | A group of astronauts gain superpowers after being exposed to cosmic radiation. Together, they use their unique powers to explore the strange aspects of the world and foil the evil plans of a powerful villain. |
| 541 ## - IMMEDIATE SOURCE OF ACQUISITION NOTE | |
| Materials specified | viewing print; |
| 655 #7 - INDEX TERM--GENRE/FORM | |
| Genre/form data or focus term | Crime |
| Form subdivision | Feature. |
| Source of term | migfg |
| 655 #7 - INDEX TERM--GENRE/FORM | |
| Genre/form data or focus term | Fantasy |
| Form subdivision | Feature. |
| Source of term | migfg |
| 700 1# - ADDED ENTRY--PERSONAL NAME | |
| Personal name | Story, Tim, |
| Relator term | direction. |
| 700 1# - ADDED ENTRY--PERSONAL NAME | |
| Personal name | Arad, Avi, |
| Relator term | production. |
| 700 1# - ADDED ENTRY--PERSONAL NAME | |
| Personal name | Frost, Mark, |
| Dates associated with a name | 1953- |
| Relator term | writing. |
| 700 1# - ADDED ENTRY--PERSONAL NAME | |
| Personal name | France, Michael, |
| Relator term | writing. |
| 700 1# - ADDED ENTRY--PERSONAL NAME | |
| Personal name | Gruffudd, Ioan, |
| Relator term | cast. |
| 700 1# - ADDED ENTRY--PERSONAL NAME | |
| Personal name | Alba, Jessica, |
| Dates associated with a name | 1981- |
| Relator term | cast. |
| 700 1# - ADDED ENTRY--PERSONAL NAME | |
| Personal name | Evans, Chris, |
| Dates associated with a name | 1981- |
| Relator term | cast. |
| 710 2# - ADDED ENTRY--CORPORATE NAME | |
| Corporate name or jurisdiction name as entry element | Copyright Collection (Library of Congress) |
| Institution to which field applies | DLC |
| Withdrawn status | Lost status | Damaged status | Not for loan | Home library | Current library | Shelving location | Date acquired | Total checkouts | Full call number | Barcode | Date last seen | Price effective from | Koha item type |
|---|---|---|---|---|---|---|---|---|---|---|---|---|---|
| Fairfield | Fairfield | General stacks | 22/03/2026 | CGD 8149-8154 (viewing print) | BC0011153 | 22/03/2026 | 22/03/2026 | Books |